| 000 | 01898nam a22002657a 4500 | ||
|---|---|---|---|
| 003 | NALT | ||
| 005 | 20251125232740.0 | ||
| 008 | s2520 th tha d | ||
| 040 | _aNALT | ||
| 041 | _atha | ||
| 050 |
_aDS 578.32 _bว153ส 2520 |
||
| 100 | 0 | _aประยุทธ สิทธิพันธ์ | |
| 245 | 1 | 0 |
_aสมเด็จพระบรมโอรสาธิราช เจ้าฟ้ามหาวชิราลงกรณสยามมกุฎราชกุมารและพระเจ้าวรวงศ์เธอ พระองค์เจ้าโสมสวลี พระวรชายากับความเป็นมาของ "สยามมกุฎราชกุมาร" / _cประยุทธ สิทธิพันธ์. |
| 260 | 3 |
_aกรุงเทพฯ : _bเสียงไท, _c2520. |
|
| 300 |
_a262 หน้า : _bภาพประกอบ ; _c26 ซม. |
||
| 600 | 0 | 4 |
_940685 _aวชิราลงกรณ สยามมกุฎราชกุมาร, _cสมเด็จพระบรมโอรสาธิราช เจ้าฟ้ามหา, _d2495- |
| 600 | 0 | 4 |
_aมหาวชิราลงกรณ สยามมกุฎราชกุมาร, _cสมเด็จพระบรมโอรสาธิราช เจ้าฟ้า, _d2495- _964428 |
| 600 | 0 | 4 |
_955291 _aโสมสวลี พระวรชายา, _cพระองค์เจ้า, _d2500- |
| 600 | 0 | 4 |
_955290 _aวชิรุณหิศ, _cสมเด็จเจ้าฟ้ามหา, _d2421-2437 |
| 600 | 0 | 4 |
_aมหาวชิรุณหิศ, _cสมเด็จเจ้าฟ้า, _d2421-2437 _964427 |
| 850 | _aNALT | ||
| 856 | 4 | 0 | _uhttps://hdl.handle.net/20.500.14156/361776 |
| 942 |
_cGB _2lcc |
||
| 999 |
_c1873 _d1873 |
||
| 998 |
_j104 _k นางสาวสายฝน ดีงาม |
||